书目信息 |
| 题名: |
高适岑参诗选
|
|
| 作者: | 高适 , 岑参 著 ;孙钦善 选注 | |
| 分册: | ||
| 出版信息: | 北京 人民文学出版社 1991 |
|
| 页数: | 290页 | |
| 开本: | 19cm | |
| 丛书名: | ||
| 单 册: | ||
| 中图分类: | I222.742 , I211 | |
| 科图分类: | ||
| 主题词: | 唐诗--选集 , 文学--作品集--中国 | |
| 电子资源: | ||
| ISBN: | ||
| 000 | 00694nam0 2200253 45 | |
| 001 | 1538295243 | |
| 005 | 20150128125221.51 | |
| 010 | @dCNY2.80 | |
| 100 | @a19951027d1991 em y0chiy0121 ea | |
| 101 | 0 | @achi |
| 102 | @aCN@b110000 | |
| 105 | @ay z 000yy | |
| 200 | 10 | @a高适岑参诗选@Agao shi cen cen shi xuan@f(唐)高适,(唐)岑参著@g孙钦善选注 |
| 210 | @a北京@c人民文学出版社@d1991 | |
| 215 | @a290页@d19cm | |
| 606 | @a唐诗@x选集 | |
| 606 | 0 | @a文学@x作品集@x中国 |
| 690 | @aI222.742@v3 | |
| 690 | @aI211@v4 | |
| 701 | 0 | @a高适@f唐@4著@Agao shi |
| 701 | 0 | @a岑参@f唐@4著@Acen can |
| 702 | 0 | @a孙钦善@4选注@Asun qin shan |
| 801 | 0 | @aCN@bTSSF@c20150128 |
| 905 | @aZUCC@dI211@eJY66 | |
| 高适岑参诗选/(唐)高适,(唐)岑参著/孙钦善选注.-北京:人民文学出版社,1991 |
| 290页;19cm |
| ISBN :CNY2.80 |
| ● |
| 相关链接 |
|
|
|
|
正题名:高适岑参诗选
索取号:I211/JY66
 
预约/预借
| 序号 | 登录号 | 条形码 | 馆藏地/架位号 | 状态 | 备注 |
| 1 | 7853847 | 278538478 | 学院路分馆/ [索取号:I211/JY66] | 在馆 |